RICS sustainability report 2024 (Record no. 122058)
[ view plain ]
| 000 -LEADER | |
|---|---|
| fixed length control field | 01864nam a22002537a 4500 |
| 008 - FIXED-LENGTH DATA ELEMENTS--GENERAL INFORMATION | |
| fixed length control field | 241121s2024 xxk|||||o|||| 00| 0 eng d |
| 020 ## - INTERNATIONAL STANDARD BOOK NUMBER | |
| ISBN | 9781783215393 |
| 041 ## - LANGUAGE CODE | |
| Language code of text/sound track or separate title | eng |
| 100 ## - MAIN ENTRY--PERSONAL NAME | |
| Personal author | Zehra, Kisa |
| 110 ## - MAIN ENTRY--CORPORATE NAME | |
| Corporate author | Royal Institution of Chartered Surveyors |
| 245 ## - TITLE STATEMENT | |
| Title | RICS sustainability report 2024 |
| Medium | [Electronic resource] |
| 260 ## - PUBLICATION INFORMATION | |
| Place of publication | London, |
| Publisher | Royal Institution of Chartered Surveyors, |
| Date | 20 November 2024 |
| 300 ## - PHYSICAL DESCRIPTION | |
| Physical description | 30p. |
| 520 ## - ABSTRACT | |
| Abstract | The RICS Sustainability Report 2024 uncovers trends and sentiment of 4,000 built and natural environment professionals in 32 countries across the world. In a sector that accounts for almost 40% of global carbon emissions, tracking attitudes towards sustainable practices helps foretell the rate of decarbonisation and identify real-world barriers to progress.<br/><br/>This year’s report suggests that the global built environment sector is making progress towards adopting a sustainability-centric approach within the commercial property and construction sector. However, there is much room for improvement. The report shines a spotlight on the lack of understanding and action around embodied carbon, a green skills gap, prohibitive costs, and the low prioritisation of biodiversity considerations. These are all challenges the sector will need to address in order to meet global targets. |
| 650 ## - KEYWORDS | |
| Keywords | SUSTAINABILITY |
| 650 ## - KEYWORDS | |
| Keywords | BUILT ENVIRONMENT |
| 650 ## - KEYWORDS | |
| Keywords | ENVIRONMENT |
| 651 ## - SUBJECT ADDED ENTRY--GEOGRAPHIC NAME | |
| Geographic name | International |
| 690 ## - BROAD SUBJECT | |
| 9 (RLIN) | 6271 |
| Broad subject | Sustainability |
| 710 ## - ADDED CORPORATE NAME | |
| Added corporate author | Royal Institution of Chartered Surveyors |
| 856 ## - ONLINE RESOURCE | |
| Uniform Resource Identifier | <a href="https://www.rics.org/content/dam/ricsglobal/documents/reports/RICS-Sustainability-Report_2024_Final.pdf">https://www.rics.org/content/dam/ricsglobal/documents/reports/RICS-Sustainability-Report_2024_Final.pdf</a> |
| Public note | Available free on RICS.org |
| 856 ## - ONLINE RESOURCE | |
| Uniform Resource Identifier | <a href="https://www.rics.org/content/dam/ricsglobal/documents/reports/RICS_Sustainability-report-2024-07-Infographic.pdf">https://www.rics.org/content/dam/ricsglobal/documents/reports/RICS_Sustainability-report-2024-07-Infographic.pdf</a> |
| Public note | View the infographic here |
| 942 ## - ADDED ENTRY ELEMENTS (KOHA) | |
| Suppress in OPAC | Do not suppress in OPAC |
| Lost status | Damaged status | Not for loan | Current library | Shelving location | Date acquired | Total Checkouts | Full call number | Date last seen | Price effective from | Koha item type |
|---|---|---|---|---|---|---|---|---|---|---|
| Virtual | Online | 21/11/2024 | ONLINE PUBLICATION | 21/11/2024 | 21/11/2024 | Online material |